40 logos de marques en images - Statistiques

Statistiques générales
  • Ce quiz a été pris 508 fois
  • Le résultat moyen est 32 sur 40
Statistiques - réponses
Par images Réponse % Correct
Lacoste
98%
Puma
98%
Quick
98%
Auchan
97%
La Poste
97%
Pepsi
97%
PlayStation
97%
Starbucks
97%
Tiktok
97%
Instagram
96%
Netflix
96%
Amazon
95%
Youtube
95%
Chanel
92%
Pringles
92%
Leclerc
91%
Microsoft
90%
New Balance
90%
Android
89%
Magnum
87%
Renault
86%
Air BNB
85%
Opel
84%
Jetpunk
80%
LinkedIn
80%
Nestlé
79%
Outlook
79%
Warner Bros
79%
Shell
78%
Volkswagen
77%
Le Monde
75%
DreamWorks
68%
Bouygues Telecom
66%
Tommy Hilfiger
66%
WWF
62%
Wish
56%
Xiaomi
56%
Reebok
51%
Crocs
32%
Burberry
20%
Aucun quiz correspondant
Distribution des résultats
% des personnes avec chaque résultat
Percentile par nombre de réponses
Votre historique - résultats
Vous n’avez pas pris ce quiz